Test culture générale- 17 - Statistiques

Statistiques générales
  • Ce quiz a été pris 2 574 fois
  • Le résultat moyen est 4 sur 10
Statistiques - réponses
Questions Réponses % Correct
Quelle ville surnomme-t-on la « ville éternelle »? Rome
64%
Quel est le type de monarchie en Angleterre? Monarchie Parlementaire
61%
Quel est l’autre nom de la baleine tueuse? L’orque
47%
De quelle origine était Alexandre le Grand? Macédonienne
45%
Quel écrivain britannique a inventé le personnage de Miss Marple? Agatha Christie
35%
Quel président américain avait pour slogan « America is back »? Ronald Reagan
32%
Quel film d’anticipation de 1979, montrant ne société post-apocalyptique, mettait en scène de puissante voitures? Mad Max
30%
Quel est le pays avec le plus de gibbons de hainan? La Chine
18%
Qui était le Premier ministre britannique après Gordon Brown et avant Theresa May? David Cameron
17%
Comment se prénommait la sœur de Wolfgang Amadeus Mozart? Maria Anna Mozart
4%
Aucun quiz correspondant
Distribution des résultats
% des personnes avec chaque résultat
Percentile par nombre de réponses
Votre historique - résultats
Vous n’avez pas pris ce quiz